[Event "Criciuma op-A"]
[Site "Criciuma"]
[Date "2024.01.14"]
[Round "4"]
[White "Pedroso, Denian"]
[Black "Cardoso, Lucas Emanuel Alves"]
[Result "1-0"]
[WhiteElo "1924"]
[BlackElo "1710"]
[PlyCount "71"]
[EventDate "2024.01.12"]
[EventType "swiss"]
[EventRounds "9"]
[EventCountry "BRA"]
[SourceTitle "CB04_2024"]
[SourceDate "2023.10.16"]
[SourceVersion "1"]
[SourceVersionDate "2023.10.16"]
[SourceQuality "1"]

1. e4 c5 2. c3 d5 3. exd5 Qxd5 4. d4 e6 5. Nf3 Nf6 6. Be2 cxd4 7. cxd4 Be7 8. Nc3 Qd8 9. 0-0 0-0 10. Bf4 Nc6 11. Re1 Nb4 12. Ne5 Nbd5 13. Bg3 a6 14. Bf3 Re8 15. Qb3 h6 16. Rac1 Nxc3 17. bxc3 Bd6 18. c4 Bxe5 19. Bxe5 Nd7 20. Bg3 e5 21. c5 exd4 22. Rxe8+ Qxe8 23. c6 Nc5 24. Qb4 Nd3 25. cxb7 Bxb7 26. Qxb7 Rd8 27. Rb1 Nc5 28. Qc6 Qe7 29. h3 d3 30. Rb8 Rxb8 31. Bxb8 Ne6 32. Qc8+ Nf8 33. Qc3 Qd8 34. Bf4 Ne6 35. Be3 f5 36. Qb3 1-0

[Event "Criciuma op"]
[Site "Criciuma"]
[Date "2023.01.19"]
[Round "9"]
[White "Heredia Serrano, Carla Sofia"]
[Black "Cardoso, Lucas Emanuel Alves"]
[Result "1-0"]
[WhiteElo "2093"]
[BlackElo "1550"]
[PlyCount "75"]
[EventDate "2023.01.13"]
[EventType "swiss"]
[EventRounds "9"]
[EventCountry "BRA"]
[SourceTitle "CBM 212 Extra"]
[Source "ChessBase"]
[SourceDate "2023.03.31"]
[SourceVersion "1"]
[SourceVersionDate "2023.03.31"]
[SourceQuality "1"]

1. e4 c5 2. Nf3 d6 3. Bb5+ Bd7 4. Bxd7+ Nxd7 5. 0-0 Ngf6 6. Qe2 e6 7. c3 Be7 8. d4 cxd4 9. cxd4 0-0 10. Nc3 e5 11. Rd1 Qa5 12. Bg5 exd4 13. Rxd4 a6 14. Rad1 Rfe8 15. Qd2 Bf8 16. Bxf6 Nxf6 17. Nd5 Qxa2 18. Nxf6+ gxf6 19. Nh4 Re5 20. Nf5 Rb5 21. Qf4 Rxb2 22. Qg3+ Kh8 23. Qh4 Qe6 24. R4d3 Rb3 25. Rxb3 Qxb3 26. Qxf6+ Kg8 27. Qd4 Qe6 28. Rd3 Qe5 29. Rg3+ Kh8 30. Qa4 b5 31. Qa2 Qxe4 32. Ne3 Qe6 33. Qb2+ Qe5 34. Qb3 Qe6 35. Qc3+ Qe5 36. Qc6 Qe8 37. Qd5 Rc8 38. Qg5 1-0

[Event "Florianopolis Spring op 2nd"]
[Site "Florianopolis"]
[Date "2022.10.21"]
[Round "1"]
[White "Cardoso, Lucas Emanuel Alves"]
[Black "Heredia Serrano, Carla Sofia"]
[Result "0-1"]
[WhiteElo "1554"]
[BlackElo "2095"]
[PlyCount "38"]
[EventDate "2022.10.21"]
[EventType "swiss"]
[EventRounds "6"]
[EventCountry "BRA"]
[SourceTitle "EXT 2024"]
[Source "ChessBase"]
[SourceDate "2023.10.10"]
[SourceVersion "1"]
[SourceVersionDate "2023.10.10"]
[SourceQuality "1"]

1. e4 c6 2. d4 d5 3. Nc3 dxe4 4. Nxe4 Bf5 5. Ng3 Bg6 6. h4 h6 7. Nf3 Nd7 8. h5 Bh7 9. Bd3 Bxd3 10. Qxd3 e6 11. Bf4 Qa5+ 12. Bd2 Qb6 13. 0-0 Ngf6 14. Ne5 Rd8 15. Ng6 Rh7 16. Rfe1 Bd6 17. Nf4 Kf8 18. Ne4 Nxe4 19. Rxe4 Kg8 0-1

[Event "Florianopolis op 8th"]
[Site "Florianopolis"]
[Date "2022.01.27"]
[Round "5"]
[White "Cardoso, Lucas Emanuel Alves"]
[Black "Mangini, Bruno Fernandes"]
[Result "1-0"]
[WhiteElo "1341"]
[BlackElo "1718"]
[PlyCount "151"]
[EventDate "2022.01.24"]
[EventType "swiss"]
[EventRounds "10"]
[EventCountry "BRA"]
[SourceTitle "CBM 206 Extra"]
[Source "ChessBase"]
[SourceDate "2022.03.31"]
[SourceVersion "1"]
[SourceVersionDate "2022.03.31"]
[SourceQuality "1"]

1. e4 c6 2. d4 d5 3. Nc3 dxe4 4. Nxe4 Bf5 5. Ng3 Bg6 6. h4 h6 7. Nf3 Nd7 8. h5 Bh7 9. Bd3 Bxd3 10. Qxd3 e6 11. Bd2 Qc7 12. 0-0-0 Ngf6 13. c4 0-0-0 14. Ne4 Nc5 15. Nxc5 Bxc5 16. Be3 Ng4 17. Qb3 Bd6 18. Rh4 Nxe3 19. fxe3 Be7 20. Rg4 Bf6 21. Kb1 Qd7 22. Rg3 e5 23. d5 Qf5+ 24. Ka1 cxd5 25. cxd5 e4 26. Nd4 Qxd5 27. Rc1+ Kb8 28. Nc6+ Ka8 29. Nxd8 Qxd8 30. Rh3 a6 31. Rd1 Qa5 32. Rhh1 Qf5 33. Rc1 Be5 34. Rhf1 Qxh5 35. Rxf7 Rb8 36. a3 Qe2 37. Ka2 Qg4 38. Rd1 Qc8 39. Rdd7 Qc6 40. Qd5 Qxd5+ 41. Rxd5 Bf6 42. Rdd7 Ka7 43. b4 h5 44. Kb3 h4 45. Kc4 Bg5 46. Kd4 g6 47. a4 Ka8 48. b5 axb5 49. axb5 Ka7 50. Rd6 Rg8 51. Rd5 Bd8 52. Kxe4 Bb6 53. Rdd7 Re8+ 54. Rfe7 Rb8 55. Kf3 g5 56. Kg4 Ba5 57. Kxg5 Bd8 58. Kxh4 Kb6 59. Rxd8 Rxd8 60. Re5 Rh8+ 61. Kg4 Rg8+ 62. Kf3 Rf8+ 63. Ke2 Rg8 64. Kf1 Rf8+ 65. Kg1 Rg8 66. Rf5 Rg4 67. Kf2 Rb4 68. Kf3 Rxb5 69. g4 Rb1 70. g5 Kc6 71. g6 Kd6 72. Rg5 Rf1+ 73. Ke4 Rf8 74. g7 Rg8 75. Kf5 b5 76. Kg6 1-0

[Event "Florianopolis op 7th"]
[Site "Florianopolis"]
[Date "2021.01.23"]
[Round "8"]
[White "Da Silva, Jean Henrique da Ro"]
[Black "Cardoso, Lucas Emanuel Alves"]
[Result "1-0"]
[WhiteElo "1610"]
[BlackElo "1304"]
[PlyCount "85"]
[EventDate "2021.01.18"]
[EventType "swiss"]
[EventRounds "10"]
[EventCountry "BRA"]
[SourceTitle "CBM 200 Extra"]
[Source "ChessBase"]
[SourceDate "2021.03.31"]
[SourceVersion "1"]
[SourceVersionDate "2021.03.31"]
[SourceQuality "1"]

1. e4 c5 2. Nf3 d6 3. d4 cxd4 4. Nxd4 Nf6 5. Nc3 a6 6. Be3 e5 7. Nb3 Be7 8. f3 Be6 9. Qd2 0-0 10. 0-0-0 Qc7 11. g4 Nbd7 12. h4 b5 13. h5 Nb6 14. Kb1 b4 15. Bxb6 Qxb6 16. Nd5 Bxd5 17. exd5 a5 18. g5 Nd7 19. Bh3 Nc5 20. Nxc5 Qxc5 21. g6 h6 22. gxf7+ Kxf7 23. f4 exf4 24. Qxf4+ Kg8 25. Be6+ Kh8 26. Qe4 Bf6 27. Qg6 Bxb2 28. Kxb2 Qc3+ 29. Kb1 b3 30. axb3 a4 31. Qd3 Qa5 32. Qd2 Qb5 33. b4 a3 34. Rhg1 Rf2 35. Qd4 Ra7 36. Rg4 Qe2 37. Qd3 Qe5 38. Rd4 a2+ 39. Ka1 Rc7 40. c3 Re2 41. Qg6 Rxc3 42. Qe8+ Kh7 43. Qg8# 1-0

[Event "Santa Catarina-ch 64th "]
[Site "Lages"]
[Date "2020.02.15"]
[Round "4"]
[White "Machado, Luiz Fernando"]
[Black "Cardoso, Lucas Emanuel Alves"]
[Result "1-0"]
[WhiteElo "1552"]
[BlackElo "1267"]
[PlyCount "65"]
[EventDate "2020.02.14"]
[EventType "swiss"]
[EventRounds "6"]
[EventCountry "BRA"]
[SourceTitle "CBM 195 Extra"]
[Source "ChessBase"]
[SourceDate "2020.05.31"]
[SourceVersion "1"]
[SourceVersionDate "2020.05.31"]
[SourceQuality "1"]

1. e4 c5 2. Nf3 d6 3. d4 cxd4 4. Nxd4 Nf6 5. Nc3 a6 6. Be3 e5 7. Nb3 Be6 8. f3 Nbd7 9. Qd2 Qc7 10. 0-0-0 b5 11. Nd5 Bxd5 12. exd5 Nb6 13. Bxb6 Qxb6 14. Na5 Rc8 15. Nb3 Be7 16. Bd3 b4 17. Qe2 0-0 18. h4 a5 19. h5 a4 20. Na1 b3 21. a3 Nxd5 22. Bxh7+ Kxh7 23. Rxd5 Rxc2+ 24. Nxc2 Rc8 25. Rd2 Bg5 26. Kb1 bxc2+ 27. Rxc2 Rb8 28. Qe4+ Kg8 29. Qc6 Qb3 30. Qxd6 Bf6 31. Qd2 e4 32. fxe4 Qxa3 33. Rc8+ 1-0

[Event "Santa Catarina-ch 64th "]
[Site "Lages"]
[Date "2020.02.14"]
[Round "1"]
[White "Moyses Sobrinho, Elias"]
[Black "Cardoso, Lucas Emanuel Alves"]
[Result "1-0"]
[WhiteElo "1879"]
[BlackElo "1267"]
[PlyCount "161"]
[EventDate "2020.02.14"]
[EventType "swiss"]
[EventRounds "6"]
[EventCountry "BRA"]
[SourceTitle "CBM 195 Extra"]
[Source "ChessBase"]
[SourceDate "2020.05.31"]
[SourceVersion "1"]
[SourceVersionDate "2020.05.31"]
[SourceQuality "1"]

1. d4 Nf6 2. c4 g6 3. Nc3 Bg7 4. e4 d6 5. Nf3 0-0 6. Bg5 h6 7. Bf4 Nbd7 8. Be2 Nh5 9. Be3 e5 10. dxe5 dxe5 11. Qd2 Ndf6 12. Bxh6 Bxh6 13. Qxh6 Ng4 14. Qg5 Nf4 15. Qxd8 Rxd8 16. 0-0 Be6 17. b3 Nf6 18. Nxe5 Nxe4 19. Nxe4 Nxe2+ 20. Kh1 Kg7 21. Rfe1 Nf4 22. g3 Nd3 23. Nxd3 Rxd3 24. Rad1 Rxd1 25. Rxd1 Bg4 26. Rd3 Re8 27. Re3 Bf3+ 28. Rxf3 Rxe4 29. Kg2 Re2 30. a3 Rd2 31. h4 f5 32. h5 c6 33. b4 a6 34. c5 Rd1 35. hxg6 Kxg6 36. Re3 Kf7 37. Re5 Kf6 38. Re8 Rd7 39. Kf3 Rd3+ 40. Re3 Rd4 41. Ke2 a5 42. Rb3 axb4 43. axb4 Ke5 44. f3 Ke6 45. Ke3 Rd1 46. Rd3 Rb1 47. Rd6+ Ke7 48. Rd4 Ke6 49. Kf4 Rb3 50. g4 fxg4 51. fxg4 Rb1 52. Ke4 Rg1 53. Rd6+ Ke7 54. Kf5 Rf1+ 55. Kg5 Rg1 56. Rd4 Ke6 57. Re4+ Kf7 58. Rf4+ Ke6 59. Re4+ Kf7 60. Kf5 Rf1+ 61. Ke5 Rd1 62. Kf5 Rd5+ 63. Kf4 Kg6 64. Ke3 Rd1 65. Rd4 Re1+ 66. Kd3 Re7 67. Kc3 Kf6 68. Kb3 Rg7 69. Ka4 Ke6 70. Ka5 Ke7 71. Kb6 Ke8 72. g5 Rf7 73. g6 Rg7 74. Rh4 Rxg6 75. Kxb7 Kd7 76. Rd4+ Ke7 77. Kc7 Rh6 78. Rd7+ Ke8 79. Rd8+ Ke7 80. Rb8 Rg6 81. Rb6 1-0